000 00386nam a2200145Ia 4500
008 150201s1990 xx 000 0 und d
082 _a616.0757
_bS1990 B
100 _aBHASHKER,S.N.
245 _aSYNOPSIS OF ORAL PATHOLOGY
250 _a7TH
260 _bC.B.S PUBLISHERS & DISTRIBUTERS
_aSHAHDARA ( DELHI)
_c1990
300 _a1-809
650 _aORAL PATHOLOGY
942 _2ddc
_cBK
_01
999 _c2789
_d2789